Red Star Belgrade Champions League Winner Starting XI - Statistics

General Stats
  • This quiz has been taken 417 times
  • The average score is 7 of 11
Answer Stats
Player % Correct
Darko Pančev
86%
Robert Prosinečki
80%
Dejan Savićević
73%
Siniša Mihajlović
72%
Stevan Stojanović
66%
Dragiša Binić
60%
Vladimir Jugović
59%
Miodrag Belodedici
54%
Ilija Najdoski
45%
Slobodan Marović
45%
Refik Šabanadžović
42%
No matching quizzes found
Score Distribution
Percent of People with Each Score
Percentile by Number Answered
Your Score History
You have not taken this quiz